|
|
|
|
| LEADER |
01827nam a22003494a 4500 |
| 001 |
32810 |
| 003 |
BD-DhAAL |
| 005 |
20180527122549.0 |
| 008 |
180312t2004 enka b 001 0 eng d |
| 999 |
|
|
|c 39102
|d 39102
|
| 010 |
|
|
|a 2004045675
|
| 020 |
|
|
|a 0521829607
|
| 020 |
|
|
|a 9780521829601 (hbk.)
|
| 020 |
|
|
|a 0521536456 (pbk.)
|
| 040 |
|
|
|a DLC
|c DLC
|d DLC
|d BD-DhAAL
|
| 042 |
|
|
|a pcc
|
| 050 |
0 |
0 |
|a QC20
|b .S965 2004
|
| 082 |
0 |
0 |
|a 530.15
|2 22
|
| 100 |
1 |
|
|a Szekeres, Peter,
|d 1940-
|9 25088
|
| 245 |
1 |
2 |
|a A course in modern mathematical physics :
|b groups, Hilbert space, and differential geometry /
|c Peter Szekeres.
|
| 260 |
|
|
|a Cambridge, UK ;
|a New York :
|b Cambridge University Press,
|c c2004.
|
| 300 |
|
|
|a xiii, 600 pages :
|b illustrations ;
|c 26 cm.
|
| 504 |
|
|
|a Includes bibliographical references (pages 587-588) and index.
|
| 526 |
|
|
|a MNS
|
| 541 |
|
|
|a Trim Education
|e 32810
|
| 650 |
|
0 |
|a Mathematical physics.
|9 25089
|
| 852 |
|
|
|a Ayesha Abed Library
|c General Stacks
|
| 942 |
|
|
|2 ddc
|c BK
|
| 952 |
|
|
|0 0
|1 0
|2 ddc
|4 0
|6 530_150000000000000_SZE
|7 0
|9 62781
|a BRACUL
|b BRACUL
|c GEN
|d 2018-03-08
|e Trim Education
|g 9286.00
|l 3
|m 28
|o 530.15 SZE
|p 3010032810
|r 2025-03-02
|s 2025-02-17
|t 1
|v 9286.00
|w 2018-03-08
|y BK
|
| 952 |
|
|
|0 0
|1 0
|2 ddc
|4 0
|6 530_150000000000000_SZE
|7 0
|9 63171
|a BRACUL
|b BRACUL
|c GEN
|d 2018-04-15
|e Trim Education
|g 8370.00
|l 3
|m 33
|o 530.15 SZE
|p 3010033004
|r 2024-11-25
|s 2024-01-23
|t 2
|v 8370.00
|w 2018-04-15
|y BK
|
| 952 |
|
|
|0 0
|1 0
|2 ddc
|4 0
|6 530_150000000000000_SZE
|7 0
|9 63172
|a BRACUL
|b BRACUL
|c GEN
|d 2018-04-15
|e Trim Education
|g 8370.00
|l 4
|m 24
|o 530.15 SZE
|p 3010033005
|r 2024-02-25
|s 2024-02-25
|t 3
|v 8370.00
|w 2018-04-15
|y BK
|
| 952 |
|
|
|0 0
|1 0
|2 ddc
|4 0
|6 530_150000000000000_SZE
|7 0
|9 63232
|a BRACUL
|b BRACUL
|c GEN
|d 2018-04-25
|e Trim Education
|g 9286.00
|l 4
|m 44
|o 530.15 SZE
|p 3010032833
|q 2026-07-01
|r 2023-12-10
|s 2023-12-10
|t 4
|v 9286.00
|w 2018-04-25
|y BK
|